Văn học dân gian Việt Nam Giáo trình
Nhận diện văn học dân gian. Các thể loại tự sự dân gian. Sân khấu dân gian. Tục ngữ, câu đố
Đã lưu trong:
| 主要作者: | |
|---|---|
| 其他作者: | , |
| 格式: | 圖書 |
| 語言: | Vietnamese |
| 出版: |
H.
Đại học quốc gia Hà Nội
2004
|
| 版: | In lần 6 |
| 主題: | |
| 標簽: |
添加標簽
沒有標簽, 成為第一個標記此記錄!
|
| Thư viện lưu trữ: | Mạng thư viện Đại học Đà Nẵng |
|---|
| LEADER | 01401nam a22003978a 4500 | ||
|---|---|---|---|
| 001 | 000016356 | ||
| 003 | 12758 | ||
| 005 | 20121001101001.0 | ||
| 008 | 121001s2004 b 000 0 od | ||
| 020 | |c 22000 |d 1500b | ||
| 041 | 0 | |a 9704 | |
| 041 | 0 | |a vie | |
| 080 | |a KV1(075.3) | ||
| 082 | |a 398.209597 |b Văn | ||
| 084 | |a V3(1)-3z73 |b V115H | ||
| 100 | 1 | |a Lê Chí Quế |e Chủ biên | |
| 245 | 1 | 0 | |a Văn học dân gian Việt Nam |b Giáo trình |c Lê Chí Quế (ch.b), Võ Quang Nhơn, Nguyễn Hùng Vĩ |
| 250 | |a In lần 6 | ||
| 260 | |a H. |b Đại học quốc gia Hà Nội |c 2004 | ||
| 300 | |a 279tr |c 21cm | ||
| 520 | |a Nhận diện văn học dân gian. Các thể loại tự sự dân gian. Sân khấu dân gian. Tục ngữ, câu đố | ||
| 653 | |a Văn học dân gian | ||
| 653 | |a Việt Nam | ||
| 653 | |a giáo trình | ||
| 700 | 1 | |a Võ Quang Nhơn |e Tác giả | |
| 700 | 1 | |a Nguyễn Hùng Vĩ |e Tác giả | |
| OWN | |a LSP | ||
| AVA | |a UDN50 |b LSP |d 398.209597 Văn |e check_holdings |t Error 5003 Not defined in file expand_doc_bib_avail. |h N |k 1 | ||
| 999 | |a From the UDN01 | ||
| AVA | |a UDN50 |b LSP |d 398.209597 Văn |e available |t Error 5001 Not defined in file expand_doc_bib_avail. |f 25 |g 3 |h N |i 21 |k 1 | ||
| TYP | |a Monograph | ||
| TYP | |a Printed language | ||
| 980 | |a Mạng thư viện Đại học Đà Nẵng | ||